Methods of test for soils / (Record no. 3043)
[ view plain ]
| 000 -LEADER | |
|---|---|
| fixed length control field | 00736cam a2200193ua 4500 |
| 041 ## - LANGUAGE CODE | |
| Language code of text/sound track or separate title | eng |
| 082 ## - DEWEY DECIMAL CLASSIFICATION NUMBER | |
| Classification number | 624.131 |
| Item number | IND/ME |
| 100 ## - MAIN ENTRY--AUTHOR NAME | |
| Personal name | , . |
| 245 00 - TITLE STATEMENT | |
| Title | Methods of test for soils / |
| 250 ## - EDITION STATEMENT | |
| Edition statement | 1 / |
| 260 ## - PUBLICATION, DISTRIBUTION, ETC. (IMPRINT) | |
| Place of publication | New Delhi : |
| Name of publisher | Indian Standards Institution , |
| Year of publication | 1980. |
| 300 ## - PHYSICAL DESCRIPTION | |
| Number of Pages | 8 ; . |
| 942 ## - ADDED ENTRY ELEMENTS (KOHA) | |
| Koha item type | Books |
| Withdrawn status | Lost status | Damaged status | Home library | Current library | Date acquired | Full call number | Accession Number | Koha item type |
|---|---|---|---|---|---|---|---|---|
| KAUAET | KAUAET | 07/04/2012 | 624.131 | 17481 | Standards | |||
| KAUAET | KAUAET | 07/04/2012 | 624.131 | 17054 | Standards | |||
| KAUAET | KAUAET | 07/04/2012 | 624.131 | 17155 | Standards |
